Campeões do Campeonato Alagoano de Futebol - Statistics

Estatísticas Gerais
  • Esse quiz foi jogado 112 vezes
    106 desde o último reset
  • A pontuação média é 4 de 6
Estatísticas das Respostas
N° de títulos Time Cidade % Correto
40 CSA Maceió
99%
32 CRB Maceió
98%
7 ASA Arapiraca
91%
3 Coruripe Coruripe
83%
3 Capelense Capela
52%
2 Santa Cruz Maceió
19%
Nenhum quiz correspondente encontrado
Distribuição das Pontuações
Porcentagem de Pessoas com Cada Pontuação
Percentil de Números Respondidos
Sua Pontuação Histórica
Você não jogou esse quiz desde o último reset